Klasifikácia číslic v rukou písaných dokumentoch s využitím deep learning metód
Saved in:
| Main Author: | |
|---|---|
| Other Authors: | |
| Format: | Manuscript Book |
| Language: | Slovak |
| Published: |
Bratislava :
STU v Bratislave FEI,
2022
|
| Subjects: | |
| Online Access: | https://opac.crzp.sk/?fn=detailBiblioFormChildUFAIT&sid=7E432E204D1F6C329D5E8E3802D8&seo=CRZP-detail-kniha |
| Tags: |
No Tags, Be the first to tag this record!
|
MARC
| LEADER | 00000ntm a22000003a 4500 | ||
|---|---|---|---|
| 001 | stuzp88814 | ||
| 003 | SK-STU | ||
| 005 | 20230206114953.2 | ||
| 007 | ta | ||
| 008 | 150427s2015----xo-----f-mn---000-0-slo-d | ||
| 040 | |a STU |b slo | ||
| 041 | 0 | |a slo | |
| 044 | |a xo | ||
| 100 | 1 | |a Kirschová, Petra |u 035000 |4 aut |U FEI Fakulta elektrotechniky a informatiky |T FEI Ústav informatiky a matematiky |X 92222 |U E050 |Y 816 |7 92222 | |
| 242 | 0 | 1 | |a Handwritten digit recognition based on deep learning methods |y eng |
| 245 | 1 | 0 | |a Klasifikácia číslic v rukou písaných dokumentoch s využitím deep learning metód |
| 260 | |a Bratislava : |b STU v Bratislave FEI, |c 2022 | ||
| 300 | |a 89 s., príl. | ||
| 650 | 4 | |a strojové učenie |2 slo | |
| 650 | 4 | |a predspracovanie obrazu |2 slo | |
| 650 | 4 | |a hlboké učenie |2 slo | |
| 650 | 4 | |a klasifikácia číslic |2 slo | |
| 650 | 4 | |a súborové učenie |2 slo | |
| 650 | 4 | |a ensemble learning |2 eng | |
| 650 | 4 | |a image preprocessing |2 eng | |
| 650 | 4 | |a digit classification |2 eng | |
| 650 | 4 | |a machine learning |2 eng | |
| 650 | 4 | |a deep learning |2 eng | |
| 700 | 1 | |a Marák, Pavol |u 035000 |k Z1 |4 ths |U FEI Fakulta elektrotechniky a informatiky |T FEI Ústav informatiky a matematiky |X 50790 |U E050 |Y 816 |7 A000050790 | |
| 856 | 4 | |u https://opac.crzp.sk/?fn=detailBiblioFormChildUFAIT&sid=7E432E204D1F6C329D5E8E3802D8&seo=CRZP-detail-kniha | |